[Event "World Junior Chess Championship U18 g"]
[Site "Gaziantep"]
[Date "2008.08.06"]
[Round "5.11"]
[White "Kalashyan, Varduhi"]
[Black "Mamedjarova, Turkan"]
[Result "1/2-1/2"]
[WhiteElo "2049"]
[BlackElo "2284"]
[PlyCount "92"]
[EventDate "2008.08.??"]
[EventType "swiss"]
[EventRounds "13"]
[EventCountry "TUR"]

1. e4 e5 2. Nf3 Nf6 3. Nxe5 d6 4. Nf3 Nxe4 5. Nc3 Nxc3 6. dxc3 Be7 7. Be3 O-O
8. Qd2 Nc6 9. O-O-O Be6 10. Kb1 Na5 11. Nd4 Qd7 12. Nxe6 Qxe6 13. Qd5 Qxd5 14.
Rxd5 Nc6 15. g3 Ne5 16. Bg2 c6 17. Rdd1 d5 18. Rhe1 Bd6 19. Bf4 f6 20. b3 b5
21. g4 Rad8 22. h3 Rfe8 23. Be3 Re7 24. f4 Ng6 25. f5 Bg3 26. Rg1 Rxe3 27. fxg6
hxg6 28. Rd3 Rxd3 29. cxd3 Bh4 30. c4 bxc4 31. bxc4 f5 32. Rf1 Rb8+ 33. Kc2 Bf6
34. Rb1 Rxb1 35. Kxb1 dxc4 36. dxc4 c5 37. Kc2 Bd4 38. Bd5+ Kh7 39. Be6 f4 40.
Kd3 f3 41. g5 Bf2 42. Ke4 Bh4 43. Kxf3 Bxg5 44. Ke4 Bd2 45. Kd5 Bb4 46. Kc6 Kh6
1/2-1/2

[Event "World Junior Chess Championship U18 g"]
[Site "Gaziantep"]
[Date "2008.08.06"]
[Round "5.12"]
[White "Tsatsalashvili, Keti"]
[Black "Preethi, Rajkumar"]
[Result "0-1"]
[WhiteElo "2271"]
[BlackElo "2183"]
[PlyCount "180"]
[EventDate "2008.08.??"]
[EventType "swiss"]
[EventRounds "13"]
[EventCountry "TUR"]

1. d4 Nf6 2. c4 e6 3. Nf3 b6 4. e3 Bb7 5. Nc3 Bb4 6. Bd2 O-O 7. Bd3 Bxc3 8.
Bxc3 Ne4 9. Rc1 f5 10. O-O d6 11. Nd2 Qg5 12. g3 Qg6 13. Qe2 Ng5 14. f3 Qh5 15.
h4 Nf7 16. Rf2 Nh6 17. Re1 Nd7 18. b4 Rae8 19. Bc2 c5 20. Qd3 Rd8 21. a3 e5 22.
d5 Rde8 23. Rh2 Nf6 24. e4 Bc8 25. Qe2 Qg6 26. Rg2 Nh5 27. Nf1 fxe4 28. Bxe4
Bf5 29. Bd2 Bxe4 30. Qxe4 Qxe4 31. fxe4 Ng4 32. bxc5 bxc5 33. Ba5 Re7 34. Rb1
Rf3 35. Rb8+ Kf7 36. Rd8 Rxa3 37. Bd2 Ra6 38. Re2 Rb7 39. Kg2 h6 40. Ne3 Nxe3+
41. Bxe3 Nf6 42. Rc8 Ra4 43. Rf2 Rxc4 44. g4 Rxe4 45. g5 hxg5 46. Bxg5 Rg4+ 47.
Kh3 Rb3+ 48. Kh2 Rgg3 49. Ra8 Rh3+ 50. Kg2 Rbg3+ 51. Kf1 Rf3 52. Rxa7+ Kg6 53.
Ra6 Rxf2+ 54. Kxf2 Ne4+ 55. Ke2 Kf5 56. Be7 c4 57. Bxd6 Nxd6 58. Rxd6 Rxh4 59.
Rd7 Rd4 60. Rxg7 Rxd5 61. Rc7 Rd4 62. Ke3 Rh4 63. Kd2 Ke6 64. Kc3 Rd4 65. Rc8
Kf5 66. Rh8 Rg4 67. Rf8+ Ke6 68. Rc8 Rg1 69. Rd8 Rc1+ 70. Kd2 Ra1 71. Kc3 Ra4
72. Kd2 Kf5 73. Rh8 Ke4 74. Kc3 Ra7 75. Rg8 Ra1 76. Rh8 Rc1+ 77. Kd2 Rf1 78.
Rc8 Rf2+ 79. Kc3 Rf3+ 80. Kxc4 Rf1 81. Kb3 Kd3 82. Rc3+ Kd2 83. Rc2+ Kd1 84.
Rh2 e4 85. Kc3 Rf3+ 86. Kd4 e3 87. Rh1+ Kd2 88. Ke4 Rf8 89. Ra1 Re8+ 90. Kf3 e2
0-1

[Event "World Junior Chess Championship U18 g"]
[Site "Gaziantep"]
[Date "2008.08.06"]
[Round "5.13"]
[White "Kazimova, Narmin"]
[Black "Pourkashiyan, Atousa"]
[Result "1-0"]
[WhiteElo "2148"]
[BlackElo "2269"]
[PlyCount "105"]
[EventDate "2008.08.??"]
[EventType "swiss"]
[EventRounds "13"]
[EventCountry "TUR"]

1. c4 e6 2. Nf3 d5 3. g3 Nf6 4. Bg2 dxc4 5. Qa4+ Nbd7 6. Qxc4 Be7 7. O-O a6 8.
Qc2 c5 9. b3 O-O 10. Bb2 Nd5 11. a3 b5 12. e4 N5b6 13. a4 Bb7 14. a5 Nc8 15. d4
Na7 16. Rd1 cxd4 17. Nxd4 Rc8 18. Qe2 Nc6 19. Nxc6 Bxc6 20. Nd2 Qc7 21. Nf3 Bf6
22. Nd4 Ba8 23. h3 Rfd8 24. Kh2 h6 25. Qe3 e5 26. Nf5 Bg5 27. Qe1 Qc2 28. h4
Bf6 29. Ba3 Nf8 30. Be7 Rxd1 31. Rxd1 Bxe7 32. Nxe7+ Kh7 33. Nxc8 Qxc8 34. Rc1
Qb8 35. Bh3 Qb7 36. f3 Nd7 37. Bf5+ g6 38. Bxd7 Qxd7 39. Qd1 Qa7 40. Qe2 Qd7
41. Rd1 Qe6 42. Qc2 Bc6 43. Qd3 Bb7 44. Qd7 Qxb3 45. Rg1 Ba8 46. Qc8 Qxf3 47.
Qxa8 g5 48. Qd8 Qxe4 49. Qf6 Qc4 50. Rf1 Kg8 51. hxg5 Qe2+ 52. Kg1 Qe3+ 53. Qf2
1-0

[Event "World Junior Chess Championship U18 g"]
[Site "Gaziantep"]
[Date "2008.08.06"]
[Round "5.14"]
[White "Borosova, Zuzana"]
[Black "Guo, Qi"]
[Result "1/2-1/2"]
[WhiteElo "2254"]
[BlackElo "2048"]
[PlyCount "89"]
[EventDate "2008.08.??"]
[EventType "swiss"]
[EventRounds "13"]
[EventCountry "TUR"]

1. e4 e6 2. d4 d5 3. Nc3 Nf6 4. Bg5 Bb4 5. e5 h6 6. Bd2 Bxc3 7. bxc3 Ne4 8. Qg4
Kf8 9. h4 c5 10. Bd3 Nxd2 11. Kxd2 c4 12. Bf1 Nc6 13. Rh3 b5 14. Ne2 h5 15. Qg5
g6 16. g4 Ke8 17. Ng3 hxg4 18. Qxg4 Kd7 19. h5 Ne7 20. Qf4 Qf8 21. Qf6 Rh6 22.
Qf4 Kc6 23. Be2 Qg7 24. Qg5 Qf8 25. Rah1 Bd7 26. Qf4 b4 27. cxb4 a5 28. b5+
Kxb5 29. Qf3 Nc6 30. hxg6 Rxg6 31. Rb1+ Ka6 32. Qc3 Rb8 33. Rxb8 Qxb8 34. Rh1
Qb6 35. Rh4 Rg8 36. Rf4 Be8 37. a3 Rh8 38. Bh5 Rh7 39. Be2 Rh8 40. Qb3 Qb5 41.
Qxb5+ Kxb5 42. Kc1 Ne7 43. Bh5 Rh7 44. Kb2 Kc6 45. c3 1/2-1/2

[Event "World Junior Chess Championship U18 g"]
[Site "Gaziantep"]
[Date "2008.08.06"]
[Round "5.15"]
[White "Severiukhina, Zoja"]
[Black "Leks, Hanna"]
[Result "1-0"]
[WhiteElo "2300"]
[BlackElo "2198"]
[PlyCount "89"]
[EventDate "2008.08.??"]
[EventType "swiss"]
[EventRounds "13"]
[EventCountry "TUR"]

1. e4 c5 2. Nf3 d6 3. d4 cxd4 4. Nxd4 Nf6 5. Nc3 Nc6 6. f3 e5 7. Nb3 Be7 8. Be3
O-O 9. Qd2 a5 10. Bb5 Na7 11. Be2 Be6 12. Rd1 Nc8 13. Qc1 Nb6 14. O-O Nc4 15.
Bxc4 Bxc4 16. Rf2 h6 17. Nd2 Be6 18. Ndb1 Qc8 19. Na3 Rd8 20. Rfd2 Qc6 21. Nab5
a4 22. b3 axb3 23. cxb3 Ra5 24. Na7 Qa6 25. b4 Ra3 26. Nab5 Rxc3 27. Nxc3 b5
28. Nd5 Nxd5 29. exd5 Bf5 30. Qb2 Bf6 31. Rc1 e4 32. Rc6 Qxc6 33. dxc6 Bxb2 34.
Rxb2 Rc8 35. a4 Rxc6 36. axb5 Rc7 37. b6 Rb7 38. Rd2 exf3 39. gxf3 Rd7 40. Ra2
Be6 41. Rd2 Bc4 42. Bf4 g5 43. Bxd6 Ba6 44. Ra2 Bb7 45. Bc7 1-0

[Event "World Junior Chess Championship U18 g"]
[Site "Gaziantep"]
[Date "2008.08.06"]
[Round "5.16"]
[White "Foisor, Sabina-Francesca"]
[Black "Shamima, Akter"]
[Result "1-0"]
[WhiteElo "2337"]
[BlackElo "2099"]
[PlyCount "243"]
[EventDate "2008.08.??"]
[EventType "swiss"]
[EventRounds "13"]
[EventCountry "TUR"]

1. d4 d5 2. c4 c6 3. e3 Nf6 4. Nf3 Bf5 5. Nc3 e6 6. Nh4 Bg4 7. Qb3 Qc7 8. Bd2
Bd6 9. h3 Bh5 10. g4 Bg6 11. Nxg6 hxg6 12. Bg2 Nbd7 13. O-O-O Qb6 14. c5 Qxb3
15. axb3 Bc7 16. b4 a6 17. Kc2 Ke7 18. f4 Rad8 19. Bf3 Rh7 20. Be1 Rdh8 21. h4
Bb8 22. Bg3 Bc7 23. Rhf1 Bb8 24. Rde1 Bc7 25. Kd3 Bb8 26. Ra1 Bc7 27. Nb1 Ra8
28. Nd2 Rah8 29. Nb3 Kd8 30. Ra3 Kc8 31. Rfa1 Nb8 32. Nd2 Rd8 33. Ke2 Nbd7 34.
Kf2 Rdh8 35. Kg2 Nb8 36. Kf1 Ng8 37. Be2 Nf6 38. Bf3 Ng8 39. Bd1 Nf6 40. Kg2
Nbd7 41. Kf3 Ng8 42. Ke2 Ngf6 43. Kd3 Bd8 44. g5 Ng8 45. e4 Ne7 46. Bf3 Bc7 47.
Re1 Re8 48. exd5 exd5 49. Bg4 Rhh8 50. Raa1 Nf5 51. Bxf5 gxf5 52. Rxe8+ Rxe8
53. h5 Rh8 54. Rh1 Nf8 55. Nf3 Ne6 56. Rh4 Kd7 57. Ke3 Ke7 58. Rh2 Kd7 59. Rh4
Ke7 60. Rh2 Kd7 61. Rh4 Ke7 62. Kf2 Kd7 63. b3 Ke7 64. Ke3 Kd7 65. Kd3 Ke7 66.
Bh2 Kd7 67. Ne1 Nf8 68. Ng2 Ke6 69. Bg3 Bb8 70. Rh1 Kd7 71. Ne3 Ke6 72. Rh2 Bc7
73. Kc3 Bb8 74. Kd3 Bc7 75. Ke2 Bb8 76. Kf3 Bc7 77. Rh1 Bb8 78. Rh4 Bc7 79. Rh2
Bb8 80. Ng2 Kd7 81. Rh1 Ne6 82. Bf2 Bc7 83. Rh4 Bb8 84. Be3 Bc7 85. Ke2 Bd8 86.
Rh1 Bc7 87. Kd3 Bb8 88. Rh4 Bc7 89. Ne1 Ke7 90. Nf3 Bb8 91. Nd2 Bc7 92. Nf1 g6
93. Ng3 Kf8 94. Ke2 Ng7 95. h6 Ne6 96. Kf3 Kg8 97. Rh1 Kh7 98. Ne2 Ra8 99. Ra1
Rf8 100. Nc3 f6 101. gxf6 Rxf6 102. b5 axb5 103. Ra7 Nd8 104. Bf2 Rf7 105. Ne2
Rd7 106. Bh4 Kxh6 107. Bf6 Kh7 108. b4 Kg8 109. Nc1 Kf7 110. Bh8 Ke6 111. Nd3
Rh7 112. Be5 Kd7 113. Bf6 Ke6 114. Bxd8 Bxd8 115. Ne5 Kf6 116. Nxc6 Be7 117.
Rxb7 Rh3+ 118. Kg2 Re3 119. Nxe7 Rxe7 120. Rxe7 Kxe7 121. Kg3 Ke6 122. Kh4 1-0

[Event "World Junior Chess Championship U18 g"]
[Site "Gaziantep"]
[Date "2008.08.06"]
[Round "5.17"]
[White "Ikonomopoulou, Maria"]
[Black "Soumya, Swaminathan"]
[Result "0-1"]
[WhiteElo "2074"]
[BlackElo "2293"]
[PlyCount "106"]
[EventDate "2008.08.??"]
[EventType "swiss"]
[EventRounds "13"]
[EventCountry "TUR"]

1. e4 c5 2. Nf3 d6 3. d4 cxd4 4. Nxd4 Nf6 5. Nc3 e6 6. g4 h6 7. h3 Nc6 8. Be3
a6 9. f4 Bd7 10. Bg2 Rc8 11. Qe2 b5 12. a3 Qc7 13. Qf2 Be7 14. O-O Rg8 15. e5
Nh7 16. Rae1 dxe5 17. fxe5 Rf8 18. Nf5 exf5 19. Nd5 Qb8 20. gxf5 Nxe5 21. Ba7
Qxa7 22. Rxe5 Qxf2+ 23. Rxf2 Kd8 24. Nxe7 Rc4 25. Rd2 Nf6 26. Nd5 Nxd5 27.
Rexd5 Rc7 28. Rd6 Ke7 29. f6+ gxf6 30. Rxa6 Rg8 31. Kh2 Rg5 32. Re2+ Be6 33.
Rb6 Kf8 34. Be4 Re5 35. Rb8+ Ke7 36. Kg3 Bc4 37. Re3 f5 38. b3 Be6 39. Kf4
Rxe4+ 40. Rxe4 fxe4 41. Kxe4 Rxc2 42. Rxb5 Rc3 43. h4 Rxb3 44. Rh5 Rxa3 45.
Rxh6 Ra4+ 46. Ke3 Kf8 47. Kf2 Kg7 48. Rh5 Rf4+ 49. Ke3 Rf5 50. Rxf5 Bxf5 51.
Kf4 Kf6 52. Kg3 Kg6 53. Kf4 Be6 0-1

[Event "World Junior Chess Championship U18 g"]
[Site "Gaziantep"]
[Date "2008.08.06"]
[Round "5.18"]
[White "Middelveld, Martine"]
[Black "Gasik, Anna"]
[Result "1/2-1/2"]
[WhiteElo "2073"]
[BlackElo "2211"]
[PlyCount "46"]
[EventDate "2008.08.??"]
[EventType "swiss"]
[EventRounds "13"]
[EventCountry "TUR"]

1. d4 c5 2. d5 e5 3. c4 d6 4. e4 Be7 5. Nf3 Bg4 6. Nbd2 Bg5 7. Qa4+ Bd7 8. Qb3
b6 9. Nxg5 Qxg5 10. h4 Qd8 11. Bd3 Nh6 12. Nf1 Ng4 13. f3 Nf6 14. h5 h6 15. g4
Nh7 16. Bd2 Ng5 17. Be2 Na6 18. Ng3 Nc7 19. a4 Rb8 20. Kf2 f6 21. Kg2 O-O 22.
Qc2 a6 23. Rhb1 a5 1/2-1/2

[Event "World Junior Chess Championship U18 g"]
[Site "Gaziantep"]
[Date "2008.08.06"]
[Round "5.19"]
[White "Hegarty, Sarah"]
[Black "Sgircea, Silvia-Raluca"]
[Result "1/2-1/2"]
[WhiteElo "1966"]
[BlackElo "2167"]
[PlyCount "111"]
[EventDate "2008.08.??"]
[EventType "swiss"]
[EventRounds "13"]
[EventCountry "TUR"]

1. e4 c5 2. Nf3 Nc6 3. d4 cxd4 4. Nxd4 Nf6 5. Nc3 g6 6. Be3 Bg7 7. Bc4 O-O 8.
Bb3 d6 9. f3 Nxd4 10. Bxd4 a5 11. a4 Be6 12. Nd5 Bxd5 13. exd5 Qd7 14. Qd2 e5
15. dxe6 fxe6 16. O-O-O d5 17. Rhe1 Kh8 18. Re2 Nh5 19. Bxg7+ Nxg7 20. Qd4 Qf7
21. Rd3 Qf4+ 22. Qxf4 Rxf4 23. Rc3 Rb4 24. Rc5 h5 25. Re3 b6 26. Rc7 b5 27.
axb5 a4 28. Ba2 Rxb5 29. Rec3 Rab8 30. Rc8+ Kh7 31. Rxb8 Rxb8 32. Rc7 Kh6 33.
c3 Ra8 34. Rc6 Kg5 35. c4 dxc4 36. Bxc4 a3 37. bxa3 Rxa3 38. Bxe6 Ra1+ 39. Kb2
Rg1 40. Bh3 h4 41. f4+ Kh5 42. Rc8 Nf5 43. Kc2 Rh1 44. Kd2 Rxh2 45. Ke2 Rh1 46.
Rh8+ Nh6 47. Bd7 Rc1 48. Bb5 Rc5 49. Ba4 Rc4 50. Bd1 Rxf4 51. Ke3+ Kg5 52. Rxh6
Rf1 53. Be2 Rg1 54. Kf2 Rxg2+ 55. Kxg2 Kxh6 56. Kh3 1/2-1/2

[Event "World Junior Chess Championship U18 g"]
[Site "Gaziantep"]
[Date "2008.08.06"]
[Round "5.20"]
[White "Tjolsen, Katrine"]
[Black "Chierici, Marianna"]
[Result "1/2-1/2"]
[WhiteElo "2121"]
[BlackElo "2037"]
[PlyCount "217"]
[EventDate "2008.08.??"]
[EventType "swiss"]
[EventRounds "13"]
[EventCountry "TUR"]

1. Nf3 d6 2. c4 e5 3. d4 Nd7 4. e4 Ngf6 5. Nc3 c6 6. Be2 Be7 7. O-O O-O 8. Be3
a6 9. d5 cxd5 10. cxd5 Ng4 11. Bd2 Qb6 12. Ne1 h5 13. h3 Ngf6 14. Nd3 g6 15.
Be3 Qd8 16. a4 Nh7 17. g3 Ndf6 18. Kg2 Qd7 19. Rh1 Ne8 20. f4 h4 21. fxe5 dxe5
22. Nxe5 Qc7 23. Qd2 Qxe5 24. Bf4 Bg5 25. Rad1 Bxf4 26. gxf4 Qg7 27. d6 Be6 28.
Qe3 Nhf6 29. Kf2 Qh6 30. Rhg1 Kh7 31. Rg5 Ng7 32. Rdg1 Rg8 33. Kg2 Nfe8 34. Qd4
Bd7 35. Qd2 f6 36. Kh2 Ne6 37. R5g4 Nd8 38. R4g2 Nf7 39. Bc4 Qf8 40. e5 fxe5
41. Ne4 Kh8 42. Qf2 Bf5 43. Bxf7 Bxe4 44. Qxh4+ Kg7 45. Bxg8 Qxf4+ 46. Qxf4
exf4 47. Rd2 Rd8 48. d7 Nf6 49. Be6 Bc6 50. Rf1 g5 51. h4 Ne4 52. Rd4 Kf6 53.
Bh3 Ke5 54. Rxe4+ Bxe4 55. Re1 f3 56. Kg3 gxh4+ 57. Kf2 Kf4 58. a5 Bf5 59. Bxf5
Kxf5 60. Re7 Kf4 61. Rf7+ Ke4 62. Re7+ Kd5 63. Kxf3 h3 64. Rh7 Kc6 65. Ke4 Rxd7
66. Rxh3 Kb5 67. Rh5+ Kc4 68. Rh6 Re7+ 69. Kf5 Kb5 70. Kf6 Re2 71. Rh7 Kc6 72.
b3 Re3 73. Kf5 Rxb3 74. Ke4 Rb5 75. Kd4 Rxa5 76. Kc4 Ra4+ 77. Kb3 Rd4 78. Rh5
b5 79. Rh6+ Rd6 80. Rh5 Kb6 81. Rg5 Rf6 82. Rh5 a5 83. Rh3 a4+ 84. Kb4 Rf4+ 85.
Ka3 Ka5 86. Rg3 b4+ 87. Kb2 Rf2+ 88. Kb1 a3 89. Rh3 Ka4 90. Rh4 Rd2 91. Rg4 Rd3
92. Ka2 Rc3 93. Rh4 Rc2+ 94. Kb1 Rb2+ 95. Ka1 Rd2 96. Kb1 Kb3 97. Rh3+ Kc4 98.
Rh8 b3 99. Rc8+ Kd3 100. Rd8+ Ke2 101. Re8+ Kd1 102. Ra8 a2+ 103. Ka1 Rd3 104.
Rh8 Kc2 105. Rc8+ Kd2 106. Rh8 Ke3 107. Re8+ Kd4 108. Rd8+ Kc4 109. Rxd3
1/2-1/2

[Event "World Junior Chess Championship U18 g"]
[Site "Gaziantep"]
[Date "2008.08.06"]
[Round "5.21"]
[White "Alavi, Hour Homa"]
[Black "Eric, Jovena"]
[Result "1-0"]
[WhiteElo "1723"]
[BlackElo "2111"]
[PlyCount "129"]
[EventDate "2008.08.??"]
[EventType "swiss"]
[EventRounds "13"]
[EventCountry "TUR"]

1. d4 d5 2. Nf3 Nf6 3. Bf4 c5 4. c3 Nc6 5. dxc5 a5 6. e3 e6 7. Nbd2 Bxc5 8. Bd3
O-O 9. O-O b6 10. Nb3 Bb7 11. Nxc5 bxc5 12. h3 Re8 13. Bb5 Qb6 14. Qe2 Nd7 15.
Rad1 e5 16. Rxd5 Rad8 17. Bg5 f6 18. Rfd1 Nd4 19. R1xd4 exd4 20. Rxd7 Rxd7 21.
Bxd7 Ba6 22. Qc2 Re7 23. Qf5 Qd6 24. Bc8 dxe3 25. Bxe3 Bd3 26. Qxc5 Qxc5 27.
Bxc5 Rc7 28. Be6+ Kh8 29. b4 Bb1 30. Nd4 Bd3 31. Nf5 Rc6 32. Nd6 g6 33. Bd5 Rc7
34. Bd4 h5 35. Ne8 Rc8 36. Nxf6 Kg7 37. Nxh5+ Kh6 38. Nf4 Ba6 39. a3 axb4 40.
axb4 Rd8 41. Be4 g5 42. Ne6 Rd6 43. Bg7+ Kh5 44. Bf3+ Kg6 45. Be4+ Kf7 46. Be5
Rd1+ 47. Kh2 Kxe6 48. Bd4 Re1 49. Bf3 Kf5 50. Kg3 Bb5 51. Bd5 Rd1 52. Kh2 Rd3
53. g4+ Kf4 54. Be3+ Ke5 55. c4 Bd7 56. Bxg5 Rb3 57. Be7 Bc8 58. f3 Kf4 59.
Bd6+ Kg5 60. Kg3 Kg6 61. h4 Kh6 62. Kf4 Bd7 63. Bf8+ Kg6 64. Bg8 Kf6 65. h5 1-0

[Event "World Junior Chess Championship U18 g"]
[Site "Gaziantep"]
[Date "2008.08.06"]
[Round "5.22"]
[White "Berke, Ana"]
[Black "Albano, Jeremias Bianca"]
[Result "1-0"]
[WhiteElo "2100"]
[BlackElo "1990"]
[PlyCount "127"]
[EventDate "2008.08.??"]
[EventType "swiss"]
[EventRounds "13"]
[EventCountry "TUR"]

1. e4 e6 2. d3 d5 3. Nd2 Nf6 4. Ngf3 c5 5. g3 Nc6 6. Bg2 Be7 7. O-O b6 8. Re1
Bb7 9. h4 Qc7 10. Nf1 O-O-O 11. e5 Nd7 12. Bf4 h6 13. Ne3 g5 14. hxg5 hxg5 15.
Nxg5 Bxg5 16. Bxg5 Rdg8 17. Bf4 Ndxe5 18. c3 d4 19. Nc4 f6 20. Qe2 Rg6 21. Bxe5
Nxe5 22. Nxe5 Rgh6 23. f3 fxe5 24. Qxe5 Qf7 25. Re4 Bxe4 26. Qxe4 Qb7 27. Qxb7+
Kxb7 28. cxd4 cxd4 29. f4+ Kb8 30. Kf2 Rc8 31. g4 Rc2+ 32. Kg3 Rxb2 33. g5 Rh8
34. Be4 Rc2 35. g6 Kc7 36. Kg4 Kd6 37. Kg5 Rc7 38. Re1 b5 39. f5 exf5 40. Bxf5
Re7 41. Rxe7 Kxe7 42. g7 Rg8 43. Kg6 Kd6 44. Kf7 Rb8 45. g8=Q Rxg8 46. Kxg8 Ke5
47. Bd7 b4 48. Kf7 Kf4 49. Ke6 Ke3 50. Bb5 a5 51. Kd5 a4 52. Bxa4 Kxd3 53. Bb3
Kc3 54. Ke4 d3 55. Ke3 d2 56. Ke2 Kd4 57. Kxd2 Ke4 58. Ke2 Kd4 59. Kf3 Kd3 60.
Kf4 Kd4 61. Kf5 Kc5 62. Ke5 Kb6 63. Kd4 Ka6 64. Kc5 1-0

[Event "World Junior Chess Championship U18 g"]
[Site "Gaziantep"]
[Date "2008.08.06"]
[Round "5.23"]
[White "Bodnaruk, Anastasia"]
[Black "Kaya, Sena Nur"]
[Result "1-0"]
[WhiteElo "2394"]
[BlackElo "1529"]
[PlyCount "47"]
[EventDate "2008.08.??"]
[EventType "swiss"]
[EventRounds "13"]
[EventCountry "TUR"]

1. e4 c5 2. Nc3 Nc6 3. g3 g6 4. Bg2 Bg7 5. d3 d6 6. Be3 e6 7. Qd2 Nge7 8. Bh6
O-O 9. h4 f5 10. Bxg7 Kxg7 11. h5 Qe8 12. Nb5 Qd8 13. hxg6 hxg6 14. Nf3 a6 15.
Nc3 b5 16. Ng5 Rh8 17. O-O-O Bd7 18. Rxh8 Qxh8 19. Rh1 Qf8 20. Qf4 fxe4 21.
Rh7+ Kg8 22. Qh4 Qf6 23. Ncxe4 Qe5 24. Rxe7 1-0

[Event "World Junior Chess Championship U18 g"]
[Site "Gaziantep"]
[Date "2008.08.06"]
[Round "5.24"]
[White "Efroimski, Marsel"]
[Black "Paikidze, Nazi"]
[Result "0-1"]
[WhiteElo "2091"]
[BlackElo "2277"]
[PlyCount "42"]
[EventDate "2008.08.??"]
[EventType "swiss"]
[EventRounds "13"]
[EventCountry "TUR"]

1. e4 c5 2. Nf3 a6 3. Nc3 b5 4. d4 cxd4 5. Nxd4 Bb7 6. Bd3 g6 7. O-O Bg7 8. Be3
d6 9. Qd2 Nf6 10. f3 Nbd7 11. a4 bxa4 12. Nxa4 O-O 13. c4 Qc7 14. Rfc1 Nc5 15.
b4 Nxd3 16. Qxd3 Nd7 17. Ra2 Rfd8 18. Qe2 Rdc8 19. Rac2 Qd8 20. Nb3 Bc6 21. Nb6
Nxb6 0-1

[Event "World Junior Chess Championship U18 g"]
[Site "Gaziantep"]
[Date "2008.08.06"]
[Round "5.25"]
[White "Davletbazeva, Madina"]
[Black "Klimets, Elena"]
[Result "1-0"]
[WhiteElo "2155"]
[BlackElo "2150"]
[PlyCount "89"]
[EventDate "2008.08.??"]
[EventType "swiss"]
[EventRounds "13"]
[EventCountry "TUR"]

1. e4 d6 2. d4 Nf6 3. Nc3 g6 4. h3 Bg7 5. Nf3 O-O 6. Bc4 c6 7. a4 d5 8. Bd3
dxe4 9. Nxe4 Nxe4 10. Bxe4 Be6 11. O-O Bd5 12. Qe2 Bxe4 13. Qxe4 Nd7 14. Re1 e6
15. Bg5 Qa5 16. c3 Qd5 17. Qc2 c5 18. Be3 cxd4 19. Nxd4 a6 20. Rad1 Rad8 21.
Bf4 Qh5 22. Bc7 Rde8 23. Bd6 e5 24. Bxf8 Nxf8 25. Nf3 Ne6 26. Qe4 f5 27. Qxb7
e4 28. Qc6 g5 29. Nd4 Nxd4 30. cxd4 f4 31. Rc1 Qg6 32. Qxg6 hxg6 33. Rc4 e3 34.
fxe3 fxe3 35. Kf1 g4 36. Ke2 gxh3 37. gxh3 Bh6 38. Rc7 Rb8 39. Rc2 Rb4 40. d5
Rh4 41. d6 Kf7 42. d7 Rd4 43. Rd1 Rxd1 44. Kxd1 Ke7 45. Rc6 1-0

[Event "World Junior Chess Championship U18 g"]
[Site "Gaziantep"]
[Date "2008.08.06"]
[Round "5.26"]
[White "Corke, Anya"]
[Black "Boyarchenko, Marie"]
[Result "1-0"]
[WhiteElo "2255"]
[BlackElo "1895"]
[PlyCount "61"]
[EventDate "2008.08.??"]
[EventType "swiss"]
[EventRounds "13"]
[EventCountry "TUR"]

1. d4 d5 2. c4 e6 3. Nc3 c6 4. e3 Nf6 5. Nf3 Nbd7 6. Bd3 dxc4 7. Bxc4 b5 8. Bd3
b4 9. Ne4 Nxe4 10. Bxe4 Bb7 11. O-O Bd6 12. Bd2 Nf6 13. Bd3 Qc7 14. e4 Be7 15.
Qe2 Nd7 16. Rfc1 Qb6 17. Be3 O-O 18. e5 c5 19. dxc5 Bxc5 20. Bxh7+ Kxh7 21.
Ng5+ Kg8 22. Qh5 Be4 23. Nxe4 Bxe3 24. Rd1 Rad8 25. Rd3 Bh6 26. Rad1 Qb7 27.
Nc5 Qc7 28. Nxd7 Rfe8 29. Nf6+ Kf8 30. Nxe8 Rxd3 31. Nxc7 1-0

[Event "World Junior Chess Championship U18 g"]
[Site "Gaziantep"]
[Date "2008.08.06"]
[Round "5.27"]
[White "Toth, Sarolta"]
[Black "Anton, Sarah"]
[Result "1-0"]
[WhiteElo "2151"]
[BlackElo "1681"]
[PlyCount "51"]
[EventDate "2008.08.??"]
[EventType "swiss"]
[EventRounds "13"]
[EventCountry "TUR"]

1. c4 e5 2. g3 g6 3. Bg2 Bg7 4. Nc3 Nc6 5. Nf3 d6 6. O-O f5 7. d3 Nf6 8. Rb1 a5
9. a3 Be6 10. b4 axb4 11. axb4 O-O 12. b5 Ne7 13. Bb2 h6 14. Qc2 Qd7 15. Ra1 c6
16. bxc6 bxc6 17. c5 Nfd5 18. cxd6 Nb4 19. Qd2 Qxd6 20. Ra3 Ned5 21. Rfa1 Rxa3
22. Rxa3 c5 23. Nxd5 Bxd5 24. Ra7 Nc6 25. Ra6 g5 26. e4 1-0

[Event "World Junior Chess Championship U18 g"]
[Site "Gaziantep"]
[Date "2008.08.06"]
[Round "5.28"]
[White "Misovic, Sanja"]
[Black "Hamrakulova, Yulduz"]
[Result "0-1"]
[WhiteElo "1914"]
[BlackElo "2145"]
[PlyCount "91"]
[EventDate "2008.08.??"]
[EventType "swiss"]
[EventRounds "13"]
[EventCountry "TUR"]

1. d4 d5 2. c4 dxc4 3. Nf3 Nf6 4. e3 e6 5. Bxc4 a6 6. O-O b5 7. Be2 Bb7 8. Nbd2
Nbd7 9. b3 Be7 10. Bb2 c5 11. a4 b4 12. Nc4 O-O 13. Ne1 a5 14. f3 Nd5 15. Qc2
cxd4 16. Bxd4 e5 17. Bb2 Bc5 18. Kh1 Ba6 19. e4 Bxc4 20. exd5 Bxe2 21. Qxe2 f6
22. Nc2 Qb6 23. Rad1 Rad8 24. Rd3 Rfe8 25. Rfd1 Kh8 26. Ne3 Bxe3 27. Rxe3 Nc5
28. h3 Rf8 29. Qc4 Nxa4 30. Re2 Rc8 31. Qe4 Nc5 32. Qe3 Qd6 33. Red2 Rc7 34.
Ra1 Ra8 35. Bc1 h6 36. Rda2 a4 37. Bd2 Rb8 38. bxa4 Qxd5 39. Rb2 Nd3 40. Rbb1
b3 41. Ra3 Qc4 42. Qg1 Qc2 43. Be3 b2 44. a5 Nc1 45. Bxc1 Qxb1 46. Bxb2 0-1

[Event "World Junior Chess Championship U18 g"]
[Site "Gaziantep"]
[Date "2008.08.06"]
[Round "5.30"]
[White "Antonova, Nadezhda"]
[Black "Wiid, Daleen"]
[Result "1-0"]
[WhiteElo "1883"]
[BlackElo "1931"]
[PlyCount "53"]
[EventDate "2008.08.??"]
[EventType "swiss"]
[EventRounds "13"]
[EventCountry "TUR"]

1. d4 d5 2. c4 e6 3. Nc3 Nf6 4. Bg5 Be7 5. e3 O-O 6. Nf3 h6 7. Bxf6 Bxf6 8.
cxd5 exd5 9. Bd3 c6 10. O-O Nd7 11. Qc2 Be7 12. a3 Nf6 13. b4 a6 14. Na4 Be6
15. Nc5 Qc7 16. Rfb1 Rfc8 17. Rc1 Bxc5 18. bxc5 Rab8 19. Rab1 b5 20. cxb6 Rxb6
21. Rxb6 Qxb6 22. Ne5 Bd7 23. h3 Be8 24. Qc5 Qb7 25. Rb1 Nd7 26. Rxb7 Nxc5 27.
dxc5 1-0

[Event "World Junior Chess Championship U18 g"]
[Site "Gaziantep"]
[Date "2008.08.06"]
[Round "5.32"]
[White "Karayaylali, Pinar"]
[Black "Bukovec, Tina"]
[Result "1-0"]
[WhiteElo "1597"]
[BlackElo "1929"]
[PlyCount "45"]
[EventDate "2008.08.??"]
[EventType "swiss"]
[EventRounds "13"]
[EventCountry "TUR"]

1. e4 c5 2. Nf3 d6 3. d4 cxd4 4. Nxd4 Nf6 5. Nc3 g6 6. f3 Bg7 7. Be3 O-O 8. Qd2
Nc6 9. Bc4 Bd7 10. O-O-O Ne5 11. Bb3 Rc8 12. h4 Nc4 13. Bxc4 Rxc4 14. h5 Nxh5
15. g4 Nf6 16. Nde2 Bxg4 17. fxg4 Nxg4 18. Bd4 Qa5 19. Bxg7 Kxg7 20. Rdg1 h5
21. Rxg4 Rfc8 22. Rg5 Qc7 23. Rhxh5 1-0

[Event "World Junior Chess Championship U18 g"]
[Site "Gaziantep"]
[Date "2008.08.07"]
[Round "6.1"]
[White "Muzychuk, Mariya"]
[Black "Abrahamyan, Tatev"]
[Result "1-0"]
[WhiteElo "2413"]
[BlackElo "2277"]
[PlyCount "123"]
[EventDate "2008.08.??"]
[EventType "swiss"]
[EventRounds "13"]
[EventCountry "TUR"]

1. e4 e6 2. d4 d5 3. Nc3 Bb4 4. e5 Ne7 5. a3 Bxa3 6. bxa3 c5 7. Qg4 O-O 8. Bd3
Nbc6 9. Nf3 f5 10. exf6 Rxf6 11. Bg5 Rf7 12. Qh4 h6 13. Bxe7 Qxe7 14. Qxe7 Rxe7
15. dxc5 e5 16. Bb5 Bd7 17. O-O-O e4 18. Bxc6 Bxc6 19. Nd4 Bd7 20. Kd2 Rf7 21.
Ke3 Rc8 22. Nb3 Rf5 23. Rd4 b6 24. Rhd1 Be6 25. Ra4 Rf7 26. Ra6 Rfc7 27. Rd4
Bf7 28. Rb4 Be8 29. cxb6 axb6 30. Nd4 Rxc3+ 31. Kd2 b5 32. Rb3 R3c4 33. c3 Bh5
34. Nxb5 Rf8 35. Ke3 Rb8 36. Kd2 e3+ 37. fxe3 Rf8 38. Ke1 Re4 39. c4 dxc4 40.
Rc3 Rfe8 41. Kf2 Rf8+ 42. Ke1 Rfe8 43. Kd2 Rg4 44. g3 Rf8 45. Ke1 Bg6 46. Nc7
Bd3 47. Ra8 Rxa8 48. Nxa8 Rg6 49. Nc7 Rf6 50. Rc1 Rf1+ 51. Kd2 Rf2+ 52. Kc3 Ra2
53. Nb5 Rxh2 54. Ra1 Rg2 55. a4 Rxg3 56. a5 Be4 57. a6 h5 58. Nd6 Bc6 59. Nf5
Rg6 60. Ne7+ Kf7 61. Nxc6 Rxc6 62. a7 1-0